000 00503nam a2200169Ia 4500
005 20250424120257.0
008 250424s9999 xx 000 0 und d
022 _a07952333
050 _aTA 119.N54 .J69/
245 0 _aJournal of engineering research (JER)
260 _aLagos
260 _bFaculty of Engineering, University of Lagos
260 _c2010
300 _av. : ill. ; 30 cm.
650 _aEngineering--Nigeria--Periodicals. Engineering--Research--Nigeria--Periodicals.
942 _cSR
999 _c38394
_d38394